000 00746nam a2200265Ia 4500
003 OSt
005 20220918223935.0
006 a|||||r|||| 00| 0
007 ta
008 220917b |||||||| |||| 00| 0 eng d
024 _a225,859
037 _cTextual
040 _aARTS
_cARTS
_beng
041 _2eng
_aeng
082 _aR3xM44:g, N6(RD)
100 _aMagus Beend Ed.
_9146916
245 0 _aCambridge companion to Nietzsche
260 _aUSA
_bCambriedge University press
_c1999
300 _aix, 403p.
_ccm.
500 _arep. 1996
650 _aPHILOSOPHY
700 _a Higgins Kathleen M. Ed.
942 _hR3xM44:g, N6(RD)
_cTEXL
_2CC
999 _c279793
_d279793